Fr. Conceicao Rodrigues College of Engineering

PRESS TOOLS : DESIGN AND CONST. (Record no. 30149)

MARC details
000 -LEADER
fixed length control field 00248nam a2200109Ia 4500
082 ## - DEWEY DECIMAL CLASSIFICATION NUMBER
Classification number 671.33/JOS
100 ## - MAIN ENTRY--PERSONAL NAME
Personal name Joshi/P.H.
245 ## - TITLE STATEMENT
Title PRESS TOOLS : DESIGN AND CONST.
260 ## - PUBLICATION, DISTRIBUTION, ETC.
Name of publisher, distributor, etc. S.Chand & Co.
Place of publication, distribution, etc. New Delhi
Date of publication, distribution, etc. 2010
546 ## - LANGUAGE NOTE
Language note ENGLISH
942 ## - ADDED ENTRY ELEMENTS (KOHA)
Koha item type BOOK
Holdings
Withdrawn status Lost status Damaged status Not for loan Collection Home library Current library Date acquired Source of acquisition Inventory number Total Checkouts Full call number Barcode Date last seen Price effective from Koha item type
        AFT Fr. Agnel's C.Rodrigues College of Engineering Fr. Agnel's C.Rodrigues College of Engineering 17/03/2023 Professional Book house 6503   671.33/JOS AFT8116 17/03/2023   BOOK